Missing Word: Prince II Quiz Stats

 Plays Quiz not verified by Sporcle

Support Sporcle.
Go Orange.
Score 0/24 Timer 04:00
0 Plays Today
Song Title Missing Word % Correct
_______ Compares 2 UNothing
93.2%
I Feel for ___You
88.3%
The Most _________ Girl in the WorldBeautiful
87.7%
Why You Wanna Treat Me So ___?Bad
87.2%
A ____ BizarreLove
85%
_____ & BoysGirls
83.7%
____ “☮” the TimesSign
80.4%
I Could Never Take the _____ of Your ManPlace
73.6%
U Got the ____Look
67.3%
Paisley ____Park
66.2%
My Name Is ______Prince
65.1%
Just as ____ as We’re TogetherLong
62.9%
Song Title Missing Word % Correct
When You Were ____Mine
61%
New _____ GenerationPower
60.2%
Let’s Pretend We’re _______Married
54.5%
Thieves in the ______Temple
52.3%
Baby I’m a ____Star
51.5%
Dirty ____Mind
51%
________ St.Alphabet
48.8%
If I Was Your __________Girlfriend
48%
____ and WetSoft
47.4%
Erotic ____City
46%
I ____ UHate
32.4%
I Wish U ______Heaven
32.2%

You're not logged in!

Compare scores with friends on all Sporcle quizzes.
OR
Log In

From the Vault

Royal Rumble Runners-Up

by Thomps

There's only one person standing at the end of the Royal Rumble, and these guys weren't it.
Remove Ads.
Support Sporcle.
Get the best of Sporcle when you Go Orange. This ad-free experience offers more features, more stats, and more fun while also helping to support Sporcle. Thank you for becoming a member.

Show Comments

Extras

Top Quizzes Today


Score Distribution

Your Account Isn't Verified!

In order to create a playlist on Sporcle, you need to verify the email address you used during registration. Go to your Sporcle Settings to finish the process.

Report this User

Report this user for behavior that violates our Community Guidelines.

Details: